01020nam a2200217 a 4500008004100000020001500041050001600056100002000072245016400092246010400256260003500360300001900395350000900414650004200423650002500465650002600490650004100516995009600557999001700653952013200670120416s1972 ||||||||||||||||| || u a0306710315 aNA 2520 Ben aBenjamin, Asher14aThe rudiments of architecture: being a treatise on practical geometry, Grecian and Roman mouldings, the origin of building, and the five orders of architecture abeing a treatise on practical Geometry Grecian and Roman Mouldings, the origin of building, and the aNew York:bDa Capo Pressc1972 a8, 96p. : ill. a0.00 aARCHITECTURE--HANDBOOKS, MANUALS, ETC aARCHITECTURE--ORDERS aARCHITECTURE--DETAILS aARCHITECTURE--UNITED STATES--HISTORY D0.00FCBU-MAIN LIBRARY (Kitwe)H1I38.25M1UAVAILABLEZMain Library Open Access Collection c56779d56779 00102lcc4070a001b001cMain Library Open Access Collectiond2022-11-30l0oNA 2520 Benp010178r2022-11-30w2022-11-30y002